000 00683nam a2200229Ia 4500
003 OSt
005 20220925200153.0
006 a|||||r|||| 00| 0
007 ta
008 220923b |||||||| |||| 00| 0 eng d
037 _cGeneral Book
040 _aRTL
_cRTL
_beng
041 _2eng
_aeng
082 _aX723.273.L72-L07, M2
100 _aAkhtar Shirin
_9256896
245 0 _aRole of the zamindars in Bengal 1707-1772
260 _aDacca
_bAsiatic Society of Bangladesh Bangladesh
_c1982
300 _a214p. Bib p. 219-236
_ccm.
650 _aLand Taxation
942 _hX723.273.L72-L07, M2
_cGB
_2CC
999 _c535646
_d535646